00738 2200253 4500001002100000005001500021035002000036007000300056008004100059020002200100082001000122084001600132100002700148245011800175250001000293260003300303300006400336650001200400700002400412990001200436990001200448990001200460990001200472INLIS00000000000535320200914104517 a0010-0220000071ta200914 b 1 ind  a978-979-29-6136-2 a398.2 a398.2 WIN s0 aWINKANDA, Satria Putra1 aKumpulan Dongeng Negeri Jepang :bPatung Jizo Bertopi Jerami /cWinkanda Satria Putra; editor, Th. Arie Prabawati acet.1 aYogyakarta :bRainbow,c2017 avi, 173 hlm. :bilus. ;c23 cm.-- Seri Cerita Dongeng Dunia 4aDONGENG0 aARIE, Prabawati Th. a17043 A a17043 B a17043 C a17043 D